00847nam a22002657a 4500003000500000005001700005008004100022010001000063011001000073020001800083035001100101040000900112082001700121245010800138260005800246300002000304650002400324650002900348650003100377700002200408700003200430700002000462710006000482710003900542CHAP20220329143451.0091117s2007 mx a r 00010 spa d a97082 a98054 a9789708021074 a108731 cCHAP04a759.972bD5600aDiego Rivera :bepopeya muralc/textos de Juan Rafael Coronel Rivera, Linda Bank Downs y Luis Rius Caso aMéxico, D.F. :bLanducci :bINBA :bCONACULTAc2007 a386 p. :bilus.14aPintores mexicanos.14aPintura muralxMéxico.14aRivera, Diego,y1886-1975.1 aBank Downs, Linda1 aCoronel Rivera, Juan Rafael1 aRius Caso, Luis0 aConsejo Nacional para la Cultura y las Artes. México.2 aInstituto Nacional de Bellas Artes